[Event "FRA-chT1A 0708"]
[Site "France"]
[Date "2008.04.06"]
[Round "11"]
[White "Mayaud, Raphael"]
[Black "Nguyen, Tanh Tong"]
[Result "1/2-1/2"]
[WhiteElo "2205"]
[BlackElo "2353"]
[PlyCount "102"]
[EventDate "2007.10.21"]
[EventType "team"]
[EventRounds "11"]
[EventCountry "FRA"]
[SourceTitle "EXT 2009"]
[Source "ChessBase"]
[SourceDate "2008.11.26"]
[SourceVersion "1"]
[SourceVersionDate "2008.11.26"]
[SourceQuality "1"]
[WhiteTeam "Chess XV"]
[BlackTeam "Noisy le Grand"]
[WhiteTeamCountry "FRA"]
[BlackTeamCountry "FRA"]

1. e4 c5 2. Nc3 Nc6 3. g3 g6 4. Bg2 Bg7 5. Nge2 Rb8 6. 0-0 b5 7. d3 b4 8. Nd5 e6 9. Ne3 Nge7 10. f4 f5 11. e5 d5 12. a3 a5 13. axb4 axb4 14. c4 d4 15. Nc2 Bb7 16. Bd2 Qb6 17. Nc1 0-0 18. Nb3 Ra8 19. Qe2 Rfb8 20. Rxa8 Rxa8 21. Ra1 Rxa1+ 22. Ncxa1 Bf8 23. Nc2 Nc8 24. Qf1 Be7 25. Qa1 Kf7 26. Ne1 h6 27. h4 g5 28. hxg5 hxg5 29. g4 gxf4 30. Bxf4 fxg4 31. Qd1 Qd8 32. Qxg4 Qg8 33. Qxg8+ Kxg8 34. Nf3 Nb6 35. Ng5 Bxg5 36. Bxg5 Na4 37. Bxc6 Bxc6 38. Be7 Nxb2 39. Nxc5 Kf7 40. Bd6 Bf3 41. Kf2 Bd1 42. Ke1 Bc2 43. Kd2 b3 44. Bc7 Nd1 45. Na4 Nf2 46. Nb2 Ng4 47. Bb6 Nxe5 48. Bxd4 Nc6 49. Kc3 e5 50. Bb6 Ke6 51. Be3 Kf5 1/2-1/2

[Event "FRA-chT1A 0708"]
[Site "France"]
[Date "2008.02.10"]
[Round "7.2"]
[White "Nguyen, Tanh Tong"]
[Black "Marholev, Dimitar"]
[Result "0-1"]
[WhiteElo "2353"]
[BlackElo "2401"]
[PlyCount "128"]
[EventDate "2007.10.21"]
[EventType "team"]
[EventRounds "11"]
[EventCountry "FRA"]
[SourceTitle "EXT 2009"]
[Source "ChessBase"]
[SourceDate "2008.11.26"]
[SourceVersion "1"]
[SourceVersionDate "2008.11.26"]
[SourceQuality "1"]
[WhiteTeam "Noisy le Grand"]
[BlackTeam "Nantes"]
[WhiteTeamCountry "FRA"]
[BlackTeamCountry "FRA"]

1. d4 Nf6 2. c4 c5 3. d5 Ne4 4. f3 Qa5+ 5. Nd2 Nd6 6. e4 g6 7. Bd3 Bg7 8. Ne2 b5 9. cxb5 c4 10. Bc2 Qxb5 11. 0-0 Na6 12. f4 Bb7 13. Nf3 Nb4 14. Ned4 Qa6 15. e5 Nb5 16. Nxb5 Qxb5 17. e6 Qxd5 18. exd7+ Qxd7 19. Qxd7+ Kxd7 20. Ba4+ Bc6 21. Bxc6+ Nxc6 22. Nd2 c3 23. bxc3 Bxc3 24. Rb1 Bd4+ 25. Kh1 Rhb8 26. Nb3 Bf6 27. Ba3 Ke8 28. Rbe1 Rb5 29. g4 h6 30. Nc5 Ra5 31. Ne4 Rxa3 32. Nxf6+ Kf8 33. Nd7+ Kg8 34. f5 Rd8 35. Nc5 Rd5 36. Ne4 Re5 37. fxg6 fxg6 38. Rc1 Rxe4 39. Rxc6 Kg7 40. Rf2 Rae3 41. Rc1 Rxg4 42. Rcf1 h5 43. Ra1 a5 44. Raf1 Kh6 45. Rf8 Re2 46. R8f2 Rxf2 47. Rxf2 e5 48. h3 Rg3 49. Kh2 Re3 50. h4 Kg7 51. Kg2 Re4 52. Kg3 Rg4+ 53. Kh3 Rf4 54. Rc2 Kf6 55. Rc5 Rf3+ 56. Kg2 Ra3 57. Rc2 Kf5 58. Re2 e4 59. Rc2 Kf4 60. Rf2+ Rf3 61. Rc2 Rg3+ 62. Kh2 Rg4 63. Kh3 e3 64. Rc6 e2 0-1

[Event "FRA-chT1A 0708"]
[Site "France"]
[Date "2007.11.24"]
[Round "2.1"]
[White "Gharamian, Tigran"]
[Black "Nguyen, Tanh Tong"]
[Result "1-0"]
[WhiteElo "2557"]
[BlackElo "2353"]
[PlyCount "75"]
[EventDate "2007.10.21"]
[EventType "team"]
[EventRounds "11"]
[EventCountry "FRA"]
[SourceTitle "EXT 2009"]
[Source "ChessBase"]
[SourceDate "2008.11.26"]
[SourceVersion "1"]
[SourceVersionDate "2008.11.26"]
[SourceQuality "1"]
[WhiteTeam "Cappelle la Grande"]
[BlackTeam "Noisy le Grand"]
[WhiteTeamCountry "FRA"]
[BlackTeamCountry "FRA"]

1. e4 c5 2. Nf3 e6 3. d4 cxd4 4. Nxd4 a6 5. Bd3 Nf6 6. 0-0 Qc7 7. Qe2 d6 8. c4 Nbd7 9. f4 Be7 10. Nc3 b6 11. Kh1 Bb7 12. f5 e5 13. Nc2 Nc5 14. Bg5 Rc8 15. Bxf6 Bxf6 16. Ne3 Nxd3 17. Qxd3 Qc5 18. Rad1 0-0 19. Ned5 Bd8 20. b3 f6 21. a4 Kh8 22. Rf3 Qa3 23. Nb1 Qc5 24. Nbc3 Qa3 25. Nb1 Qc5 26. Qe2 Bxd5 27. Rxd5 Qb4 28. Rd1 b5 29. Nc3 bxc4 30. Nd5 Qa3 31. Rc3 Rb8 32. Qxc4 Bb6 33. Ne7 d5 34. Ng6+ Kg8 35. Rxd5 Rf7 36. Qc8+ Rf8 37. Qe6+ Rf7 38. Rc8+ 1-0

[Event "FRA-chT1A 0708"]
[Site "France"]
[Date "2007.10.21"]
[Round "1.5"]
[White "Nguyen, Tanh Tong"]
[Black "Giffard, Nicolas"]
[Result "0-1"]
[WhiteElo "2353"]
[BlackElo "2387"]
[PlyCount "164"]
[EventDate "2007.10.21"]
[EventType "team"]
[EventRounds "11"]
[EventCountry "FRA"]
[SourceTitle "EXT 2009"]
[Source "ChessBase"]
[SourceDate "2008.11.26"]
[SourceVersion "1"]
[SourceVersionDate "2008.11.26"]
[SourceQuality "1"]
[WhiteTeam "Noisy le Grand"]
[BlackTeam "Drancy"]
[WhiteTeamCountry "FRA"]
[BlackTeamCountry "FRA"]

1. d4 Nf6 2. Nf3 e6 3. c4 Bb4+ 4. Bd2 Bxd2+ 5. Nbxd2 d5 6. e3 0-0 7. Bd3 b6 8. Qc2 Bb7 9. 0-0 Qe7 10. Rfc1 Rc8 11. c5 bxc5 12. Qb3 c6 13. Rxc5 Rc7 14. Rac1 Nbd7 15. R5c2 a5 16. Bb5 Rac8 17. Qd3 Nb8 18. Ba4 Nfd7 19. Qc3 Qb4 20. Qxb4 axb4 21. Nb3 Na6 22. Na5 Nab8 23. Bb5 Ba8 24. a3 bxa3 25. b4 Kf8 26. Bd3 Ra7 27. Ne1 g6 28. Ra1 e5 29. Rxa3 exd4 30. exd4 Re8 31. Kf1 Re6 32. Re2 Bb7 33. Nc2 Ba6 34. Bxa6 Rxa6 35. Rae3 Rxe3 36. Rxe3 Rb6 37. Ke2 Na6 38. Rb3 Nf6 39. f3 Ne8 40. Kd3 Nd6 41. Kc3 Nc7 42. Kd3 Ndb5 43. Rb1 Ne6 44. g3 Ra6 45. f4 Nd6 46. Rb2 h5 47. Ne1 h4 48. Nf3 hxg3 49. hxg3 Nf5 50. Rg2 f6 51. Kc3 Kf7 52. Rg1 Nd6 53. Kd3 Rb6 54. Rc1 Rxb4 55. Rxc6 Ne4 56. f5 gxf5 57. Rc8 Nxg3 58. Kc3 Ra4 59. Nb3 Ne4+ 60. Kb2 Nd6 61. Rh8 Ng5 62. Nh4 f4 63. Nc5 Rxd4 64. Rd8 Rb4+ 65. Ka3 Rb6 66. Rd7+ Ke8 67. Ng6 f3 68. Re7+ Kd8 69. Rd7+ Kc8 70. Ne7+ Kb8 71. Rd8+ Ka7 72. Nd3 Nb5+ 73. Kb4 Nc7+ 74. Ka4 Nge6 75. Rh8 Kb7 76. Rh3 Ng5 77. Nc5+ Ka8 78. Rh8+ Rb8 79. Rh4 f2 80. Rf4 Ne4 81. Nd3 Rb1 82. Nxf2 Nc3+ 0-1

[Event "FRA-ch Accession op"]
[Site "Le Perreux"]
[Date "1994.??.??"]
[Round "3"]
[White "Nguyen, Tanh Tong"]
[Black "Amable, Roland"]
[Result "1-0"]
[WhiteElo "1800"]
[BlackElo "1610"]
[PlyCount "73"]
[EventDate "1994.??.??"]
[EventType "swiss"]
[EventRounds "7"]
[EventCountry "FRA"]
[SourceTitle "EXT 2004"]
[Source "ChessBase"]
[SourceDate "2003.11.25"]
[SourceVersion "1"]
[SourceVersionDate "2003.11.25"]
[SourceQuality "1"]

1. c4 Nf6 2. Nc3 d5 3. cxd5 Nxd5 4. g3 g6 5. Bg2 Nxc3 6. bxc3 Bg7 7. Rb1 Nd7 8. Ba3 0-0 9. Nf3 c5 10. Qa4 a6 11. 0-0 b5 12. Qc2 Rb8 13. d4 Qa5 14. Bc1 Nf6 15. Ne5 Bb7 16. Bxb7 Rxb7 17. a4 cxd4 18. cxd4 Rc7 19. Qa2 Ne4 20. Bf4 Nc3 21. Qd2 Rd8 22. e3 f6 23. Ng4 e5 24. Bh6 exd4 25. Bxg7 Kxg7 26. exd4 g5 27. Rbe1 Qb6 28. Ne3 b4 29. d5 Kf7 30. Qd3 Kg8 31. a5 Qxa5 32. Qf5 Rd6 33. h4 Rg7 34. Nc4 Qxd5 35. Nxd6 Qxd6 36. Qc8+ Kf7 37. Qe8# 1-0